000 00639nam a22001937a 4500
003 OSt
005 20190920094358.0
008 190920b xxu||||| |||| 00| 0 ara d
040 _aLB-BrCRDP
082 _a956.94 F952q
100 8 _aالدكتور عزالدين فوده
245 _aقضية القدس في محيط العلاقات الدولية
260 _aبيروت
_bمنظمة التحرير الفلسطينية - مركز الأبحاث
_c1969
300 _aص263
_cسم19
490 _aدراسات فلسطينية - 52
630 _a Jerusalem -- History.
630 _a Middle East -- Jerusalem.
942 _2ddc
_cBK
999 _c23295
_d23295